Most Populated Subdivisions - Statistics

General Stats
  • This quiz has been taken 10 times
  • The average score is 13 of 20
Answer Stats
Country Answer % Correct
Pakistan Punjab
90%
India Uttar Pradesh
90%
China Guangdong
80%
India Gujarat
80%
China Hunan
70%
India Rajasthan
70%
China Sichuan
70%
India Tamil Nadu
70%
India Bihar
60%
China Hebei
60%
China Henan
60%
China Hubei
60%
China Jiangsu
60%
India Karnataka
60%
India Maharashtra
60%
China Shandong
60%
India West Bengal
60%
China Zhejiang
60%
India Madhya Pradesh
50%
China Anhui
30%
No matching quizzes found
Score Distribution
Percent of People with Each Score
Percentile by Number Answered
Your Score History
You have not taken this quiz